LEADER 01654nam0 22003493i 450 001 NAP0533248 005 20251003044255.0 010 $a9788889884157 100 $a20120410d2011 ||||0itac50 ba 101 | $aita 102 $ait 181 1$6z01$ai $bxxxe 182 1$6z01$an 200 1 $aPompe di calore$eparte teorica, parte applicativa$fRenato Lazzarin 210 $aPadova$cServizi grafici editoriali$d2011 215 $aVIII, 309 p.$cill.$d25 cm. 606 $aPompe di calore$2FIR$3CFIC010041$9E 676 $a621.402$9INGEGNERIA TERMICA$v14 676 $a621.4025$9FISICA APPLICATA. INGEGNERIA TERMICA. Apparecchiature.$v22 696 $aTermopompe$aTermocompressori 699 $aPompe di calore$yTermopompe 699 $aPompe di calore$yTermocompressori 700 1$aLazzarin$b, Renato$3CFIV011264$4070$023435 790 1$aLazzarin$b, Renato M.$3CFIV227593$zLazzarin, Renato 801 3$aIT$bIT-000000$c20120410 850 $aIT-BN0095 901 $bNAP 01$cSALA DING $n$ 912 $aNAP0533248 950 0$aBiblioteca Centralizzata di Ateneo$b1 v. (3. copia)$c1 v. in tre copie$d 01SALA DING 621.402 LAZ.po$e 0102 0000092435 VMA A4 1 v.$fY $h20120405$i20120410$b1 v. (3. copia)$c1 v. in tre copie$d 01SALA DING 621.402 LAZ.po$e 0102 0000092445 VMA A4(bis 1 v. (2. copia)$fA $h20120405$i20120410$b1 v. (3. copia)$c1 v. in tre copie$d 01SALA DING 621.402 LAZ.po$e 0102 0000092455 VMA A4(ter 1 v. (3. copia)$fA $h20120405$i20120410 977 $a 01 996 $aPompe di calore$9104283 997 $aUNISANNIO